000 00993nam0a22002771 4500
001 rc\2318066
005 20250623045416.0
035 _a(NLR Aleph) 006577756
090 _a7013101
_c7013101
100 _a20110829d1977 |||y0rusy50 ca
101 0 _arus
102 _aRU
105 _ay z |||||
200 1 _aИсследование радиационной стойкости фторхлорорганических соединений
210 _aЛенинград
_cБ. и.
_d1977
215 _a26 с.
_cграф.
_d21
225 1 _aРадиевый институт им. В.Г. Хлопина. [Препринт]
_vРИ-58
300 _aПеред загл. авт.: В.Г. Воден, М.Е. Обухова, Р.Н. Киселева [и др.]
320 _aБиблиогр.: с. 24-26
702 1 _aВоден
_bВ.Г.
801 0 _aRU
_bNLR
_gpsbo
801 1 _aRU
_bELAR
_2rusmarc
852 _aNLR
_j77-4/21574
899 _aRuMoRGB
_jБр 180/343
942 _cBOOK
980 _aNB